000 00513nam a22001577a 4500
003 macl
005 20191009130400.0
008 191009b xxu||||| |||| 00| 0 eng d
040 _cmacl
082 _a080
100 _aधामा , तेजपाल सिंह
_976373
245 _aसकारात्‍मक साेच का जादू
260 _aदिल्‍ली
_bसूरज प्रकाशन
_c2018
650 _aसामान्‍य वर्ग
_936
942 _2ddc
_cHIN
999 _c61169
_d61169